NLSUI OPAC header image

Profit power economics : A new competitive strategy for creating sustainable wealth (Record no. 32840)

MARC details
000 -LEADER
fixed length control field 01053nam a2200217Ia 4500
003 - CONTROL NUMBER IDENTIFIER
control field OSt
005 - DATE AND TIME OF LATEST TRANSACTION
control field 20210605162248.0
008 - FIXED-LENGTH DATA ELEMENTS--GENERAL INFORMATION
fixed length control field 160316s2009 xxu||||| |||| 00| 0 eng d
020 ## - INTERNATIONAL STANDARD BOOK NUMBER
International Standard Book Number 9780195171631
040 ## - CATALOGING SOURCE
Transcribing agency n
082 ## - DEWEY DECIMAL CLASSIFICATION NUMBER
Classification number 658.401200
Item number KUI
100 ## - MAIN ENTRY--PERSONAL NAME
Personal name Kuijper Mia De
245 ## - TITLE STATEMENT
Title Profit power economics : A new competitive strategy for creating sustainable wealth
260 ## - PUBLICATION, DISTRIBUTION, ETC.
Place of publication, distribution, etc. Oxford
Name of publisher, distributor, etc. Oxford University Press
Date of publication, distribution, etc. 2009
300 ## - PHYSICAL DESCRIPTION
Extent 312p
365 ## - TRADE PRICE
Price amount Rs. 395
505 ## - FORMATTED CONTENTS NOTE
Formatted contents note Table of contents<br/>INTRODUCTION; <br/>I. THE KEY TO PROFIT POWER; <br/>II. UNDERSTANDING THE TRANSPARENT ECONOMY; <br/>III. HOW TRANSPARENCY ALTERS THE BUILDING BLOCKS OF EXTRAORDINARY PROFITS; <br/>IV. THE FOUR RULES FOR MAXIMIZING PROFITS IN TRANSPARENCY; <br/>V. POWER NODES: TRANSPARENCY'S COMPETITIVE WEAPONS; <br/>VI. THE FOUR RULES METHOD FOR MAXIMIZING PROFITS; <br/>VII. STRATEGIES FOR INVESTORS; <br/>VIII. CONCLUSION; <br/>GLOSSARY; <br/>BIBLIOGRAPHY; <br/>NOTES
650 ## - SUBJECT ADDED ENTRY--TOPICAL TERM
Topical term or geographic name entry element 1. Strategic Planning 2. Profit 3. Informaton Technology - Management
700 ## - ADDED ENTRY--PERSONAL NAME
Personal name
--
942 ## - ADDED ENTRY ELEMENTS (KOHA)
Source of classification or shelving scheme Dewey Decimal Classification
Koha item type BOOKs
Holdings
Withdrawn status Lost status Damaged status Not for loan Home library Current library Shelving location Date acquired Cost, normal purchase price Total Checkouts Full call number Barcode Date last seen Price effective from Koha item type
        NLS NLS   30/05/2017 395.00   658.4012 KUI 29739 30/05/2017 30/05/2017 BOOKs